Представление документа в формате RUSMARC

ПолеНазваниеЗначение
  Тип записи a
  Библиографический уровень m
001 Контрольный номер RU/SLIB/B/208738438
005 Дата корректировки 20201206204047.2
010 Индекс ISBN __
a ISBN 5-250-01809-2
d Цена 113-20
101 Язык документа __
a Язык текста rus
c Язык оригинала eng
200 Заглавие и сведения об ответственности 0_
a Заглавие История русского символизма
f Первые сведения об ответственности А. Пайман ; пер. с англ. В. В. Исакович
b Общее обозначение материала Текст
210 Выходные данные __
a Место издания М.
c Издательство Республика
d Дата издания 2000
215 Физическое описание __
a Объем 416 с.
330 Аннотация __
a Аннотация Охватываются все аспекты феномена русской культуры - поэзия, проза, живопись, философия.
606 Тематические рубрики __
a Основная рубрика Литературоведение
y Географическая подрубрика Россия
606 Тематические рубрики __
a Основная рубрика Изобразительное искусство и архитектура
606 Тематические рубрики __
a Основная рубрика Русская литература XX в.
606 Тематические рубрики __
a Основная рубрика Русская литература XIX в.
606 Тематические рубрики __
a Основная рубрика Живопись в целом
610 Ключевые слова __
a Ключевые слова символизм; апокалипсис; русско-японская война; неореализм; антитеза; поэзия; проза; история; культура
686 Индексы других классификаций __
a Классификационный индекс 83.3(2Рос=Рус)
686 Индексы других классификаций __
a Классификационный индекс 85.143(2); ст83.3(2Рос=Рус)+ст85.143(2)
700 Автор _1
a Фамилия Пайман
b Имя А.
4 Код отношения 070
702 Вторичная интеллектуальная ответственность _1
a Фамилия Исакович
b Имя В. В.
4 Код отношения Переводчик
4 Код отношения 730
801 Источник записи _0
a Страна RU
b Организация Муниципальное бюджетное учреждение культуры "Централизованная библиотечная система" г. Сургут (Центральная городская библиотека им. А. С. Пушкина)
g Правила каталогизации КиК/Тесленко
801 Источник записи _1
a Страна RU
b Организация Муниципальное бюджетное учреждение культуры "Централизованная библиотечная система" г. Сургут (Центральная городская библиотека им. А. С. Пушкина)
g Правила каталогизации КиК/Тесленко
852 Данные о местонахождении __
j Шифр хранения 83.3(2Рос=Рус)
c Каталожный индекс 83.3(2Рос=Рус); 85.143(2)
i Авторский знак П 12
901 Тип документа 1_
t Тип документа m
903 Характеристики (МАРС) __
a Дата передачи 20030527
990 Данные о заказе (DOS) __
j Количество экземпляров (DOS) 7
t N записи в КСУ для И/У (DOS) 200306